L'Economia del Vallès Occidental : de la indústria als serveis / Joan Costa ... [et al.] ; directors de l'estudi: Josep Anguera, Joan B. Casas de la indústria als serveis / Joan Costa ... [et al.] ; directors de l'estudi:
Descripción Física:
XII, 507 p. ; 24 cm
Colección:
Catalunya comarcal
MARC
| LEADER | 00000nam a2200000Ia 4500 | ||
|---|---|---|---|
| 001 | 9155 | ||
| 008 | 160829s1990 xx 000 0 cat d | ||
| 080 | |a M-2-28 | ||
| 245 | |a L'Economia del Vallès Occidental : |b de la indústria als serveis / Joan Costa ... [et al.] ; directors de l'estudi: |b Josep Anguera, Joan B. Casas | ||
| 260 | |a Barcelona : |b Caixa d'Estalvis de Catalunya, |c 1990 | ||
| 300 | |a XII, 507 p. ; |c 24 cm | ||
| 490 | |a Catalunya comarcal | ||
| 651 | 0 | |a Vallès Occidental (Catalunya) |x Condiciones econòmiques |9 53702 | |
| 700 | |a Costa, Joan |9 26262 | ||
| 700 | 1 | |a Anguera, Josep |9 26263 | |
| 700 | |a Casas, Joan B., dir. |9 26264 | ||
| 901 | |a Arxiu | ||
| 942 | |n 1 | ||
| 952 | |0 0 |1 0 |4 0 |6 M228 |7 1 |9 43936 |a Arxiu |b Arxiu |d 2016-12-01 |l 0 |o M-2-28 |p 9155 |r 2016-12-01 00:00:00 |w 2016-12-01 |y ARXIU | ||
| 999 | |c 46516 |d 46516 | ||